| 000 | 01247nam a2200229 a 4500 | ||
|---|---|---|---|
| 001 | 000016472 | ||
| 003 | DO-SdBNP | ||
| 005 | 20211203115916.0 | ||
| 008 | 100305s1994 dr bd 000 0 spa d | ||
| 040 |
_aDO-SdBNP _bspa _cBNPHU |
||
| 049 | _aBNPD | ||
| 082 | 4 |
_a307.76097293 _bP699d _222 |
|
| 245 | 0 | 0 |
_aPlan director para el desarrollo urbano de la ciudad de Santo Domingo / _cpresentación Rafael Corporán de los Santos ; prólogo Rafael Tomás Hernández. |
| 260 |
_aSanto Domingo : _bAyuntamiento Distrito Nacional, _c1994. |
||
| 300 |
_a241 p. : _bmap., diagr. ; _c28 cm. |
||
| 505 | 2 | _aLa descentralización administrativa --La geografía urbana y la normalización del uso del suelo -- El cinturon verde -- El transporte terrestre en la ciudad de Santo Domingo -- Saneamiento de las aguas superficiales -- Distribución urbana de alimentos -- Desechos solidos y sistema de facturación y cobro -- Sistema de inspección de las construcciones. | |
| 650 | 4 |
_aDesarrollo urbano _zSanto Domingo (República Dominicana) _936682 |
|
| 651 | 4 |
_aSanto Domingo (República Dominicana) _xCondiciones economicas _97891 |
|
| 700 | 1 |
_aCorporán Santos, Rafael de los _936683 |
|
| 700 | 1 |
_aHernández, Rafael Tomás, _epról. _936684 |
|
| 942 |
_2ddc _cLBS1 |
||
| 999 |
_c16007 _d16007 |
||